Random Municipalities of Puerto Rico on a Map - Statistics

General Stats
  • This quiz has been taken 1,244 times
  • The average score is 6 of 10
Answers on the Map
Answers color-coded by a green-red scale on the quiz's map according to % correct below.
 
Answer Stats
Municipality % Correct
Guánica
100%
Arecibo
91%
Maricao
88%
Aguadilla
86%
San Juan
85%
Utuado
85%
Hormigueros
84%
Ceiba
82%
Luquillo
80%
Caguas
79%
Carolina
78%
Vieques
78%
Ponce
77%
Culebra
76%
Dorado
75%
Fajardo
75%
Isabela
73%
Rincón
73%
Bayamón
72%
Barceloneta
71%
Humacao
71%
Yabucoa
71%
Camuy
69%
Río Grande
69%
Trujillo Alto
68%
Añasco
67%
Cataño
67%
Guayama
67%
Jayuya
67%
San Germán
67%
Cabo Rojo
65%
Juncos
64%
Las Marías
64%
Juana Díaz
63%
Moca
60%
Toa Alta
60%
Mayagüez
58%
Salinas
58%
Patillas
57%
Santa Isabel
57%
Aguada
56%
Florida
56%
Lajas
56%
San Sebastián
56%
San Lorenzo
55%
Adjuntas
54%
Aguas Buenas
54%
Manatí
54%
Villalba
54%
Cidra
53%
Hatillo
53%
Canóvanas
50%
Ciales
50%
Coamo
50%
Comerío
50%
Las Piedras
50%
Maunabo
50%
Morovis
50%
Vega Alta
50%
Yauco
50%
Guayanilla
47%
Lares
47%
Arroyo
46%
Loíza
46%
Guaynabo
44%
Quebradillas
42%
Corozal
40%
Gurabo
40%
Naranjito
40%
Toa Baja
40%
Barranquitas
38%
Cayey
38%
Orocovis
38%
Peñuelas
36%
Vega Baja
33%
Sabana Grande
28%
Aibonito
22%
Naguabo
19%
No matching quizzes found
Score Distribution
Percent of People with Each Score
Percentile by Number Answered
Your Score History
You have not taken this quiz